00601nam a2200193Ia 4500008004100000020001800041082001500059100002200074245003000096250000800126260004400134300002300178500001900201600001500220650001500235942000700250952013300257999001700390240925s9999 xx 000 0 und d a9788126537884 a658.15 DAM aDamodaran, Aswath 0aApplied Corporate Finance a3rd aNew Delhi:bJohn Wiley and Sonsc,2011. a235p.b0fOriginal aIncludes Index aManagement aManagement cBK 001040708MANaUITUbUITUd2019-01-21eAllied Book Companyg988.00l0o658.15 DAMpQ13927r2024-09-25 07:17:03w2024-09-25yBK c16426d16426